Cyrano de Bergerac : la tirade "Non, merci !" - Statistiques

Statistiques générales
  • Ce quiz a été pris 152 fois
  • Le résultat moyen est 18 sur 26
Statistiques - réponses
Question Réponse % Correct
Et que faudrait-il faire ? Chercher un protecteur puissant, prendre... Un patron,
93%
Exécuter des tours de souplesse dorsale ?... Non, merci.
89%
Et comme un lierre obscur qui circonvient un tronc Et s’en fait un tuteur en lui léchant l’écorce,... Grimper par ruse au lieu de s’élever par force ?
87%
Non, merci ! non, merci ! non, merci ! Mais... Chanter,
85%
Rêver, rire, passer, être seul, être libre, Avoir l’œil qui regarde bien, la voix... Qui vibre,
85%
Se changer... En bouffon
83%
Avoir un ventre usé par la marche ? une peau Qui plus vite, à l’endroit des genoux, devient... Sale ?
83%
Ne pas monter bien haut, peut-être,... Mais tout seul !
80%
Dans l’espoir vil de voir,... Aux lèvres d’un ministre,
76%
Non, merci ! S’aller faire nommer pape par les conciles Que dans les cabarets tiennent... Des imbéciles ?
76%
Non, merci ! Travailler à se construire un nom Sur un sonnet, au lieu d’en faire d’autres ?... Non, merci !
76%
Non, merci. Dédier, comme tous ils le font, Des vers... Aux financiers ?
74%
Ne découvrir du talent qu’aux mazettes ? Être terrorisé par de vagues... Gazettes,
74%
Bref, dédaignant d’être le lierre parasite, Lors même qu’on n’est pas le chêne... Ou le tilleul,
74%
N’écrire jamais rien qui de soi ne sortît, Et modeste d’ailleurs, se dire : mon petit, Sois... Satisfait des fleurs, des fruits, même des feuilles,
74%
Mettre, quand il vous plaît, son feutre de travers, Pour un oui, pour un non, se battre, - ou faire... Un vers !
74%
Ne pas être obligé d’en rien rendre à César, Vis-à-vis de soi même... En garder le mérite,
70%
D’une main flatter la chèvre au cou Cependant que de l’autre, on arrose... Le chou,
70%
Et se dire sans cesse : « Oh, pourvu que je sois Dans les petits papiers du Mercure... François ? »...
65%
Naître un sourire, enfin, qui ne soit pas sinistre ? Non, merci. Déjeuner, chaque jour,... D’un crapaud ?
63%
Travailler sans souci de gloire ou de fortune, À tel voyage, auquel on pense,... Dans la lune !
59%
Non, merci ! Chez le bon éditeur de Sercy Faire éditer ses vers en... Payant ?
57%
Si c’est dans ton jardin à toi que tu les cueilles ! Puis, s’il advient d’un peu triompher,... Par hasard,
54%
Non, merci ! Se pousser de giron en giron, Devenir un petit grand homme... Dans un rond,
48%
Et donneur de séné par désir de rhubarbe, Avoir un encensoir, toujours, dans... Quelque barbe ?
46%
Et naviguer, avec des madrigaux pour rames, Et dans ses voiles des... Soupirs de vieilles dames ?
33%
Aucun quiz correspondant
Distribution des résultats
% des personnes avec chaque résultat
Percentile par nombre de réponses
Votre historique - résultats
Vous n’avez pas pris ce quiz